Ciberíada/ stanislaw lem

Guardado en:
Autor Principal: Lem, Stanislaw
Formato: Libro
Publicado: Barcelona : Bruguera, 1986
Materias:
Etiquetas: Agregar Etiqueta
Sin Etiquetas, Sea el primero en etiquetar este registro!
LEADER 00535nam a22002055a 4500
001 CEM.cems014679
008 130507s1986##################000#0#####d
005 20210805160213.0
003 CEMS
245 1 0 |a Ciberíada/ stanislaw lem 
260 |a Barcelona :  |b Bruguera,  |c 1986 
300 |a 146 p. 
590 |a 1303.016 
020 |a 8402069592 
100 1 |a Lem, Stanislaw 
653 |a Literatura 
653 |a Literatura polaca 
653 |a Narrativa polaca 
653 |a Biblioteca TC 
859 |a CEMS  |b BIB. CEMS - 11 de abril  |h TC  |p 1303.016  |t Ej.1